Sports Quiz

Random Sports or NBA Quiz

Golden State Warriors 2015 Championship Roster Quiz Stats

 Plays Quiz not verified by Sporcle

Challenge
Share
Tweet
Embed
Score 0/15 Timer 07:00
1 Play Today
Number Player % Correct
30Stephen Curry
98.9%
23Draymond Green
97.2%
11Klay Thompson
96.5%
12Andrew Bogut
92.6%
40Harrison Barnes
92.3%
34Shaun Livingston
90.1%
9Andre Iguodala
85.9%
10David Lee
82.4%
Number Player % Correct
31Festus Ezeli
76.4%
19Leandro Barbosa
75%
5Marreese Speights
73.2%
4Brandon Rush
67.3%
20James Michael McAdoo
61.3%
7Justin Holiday
53.9%
1Ognjen Kuzmic
38.4%

You're not logged in!

Compare scores with friends on all Sporcle quizzes.
OR
Log In

You Might Also Like...

Show Comments

Extras

Top Quizzes Today


Score Distribution

Your Account Isn't Verified!

In order to create a playlist on Sporcle, you need to verify the email address you used during registration. Go to your Sporcle Settings to finish the process.

Report this User

Report this user for behavior that violates our Community Guidelines.

Details: